| 000 | 01398cam a2200229 4500 | ||
|---|---|---|---|
| 001 | ABS63743 | ||
| 008 | 000000n2001 000 0 eng u | ||
| 035 | _a(Sirsi) u111529 | ||
| 245 | _aWhat is a reasonable adjustment? | ||
| 260 | _c2001 | ||
| 490 |
_aFacilities Management _v8(6) March 2001, 23(1) |
||
| 520 | _aExplores the meaning, and scope, of "reasonable adjustment", a requirement of the Disability Discrimination Act 1995. The act requires employers to take positive steps to reduce or eliminate disadvantages disabled people may face compared to non-disabled employees. Gives details of section 6, which sets out the possible adjustments and how to approach them. Employers are not expected to make adjustments that enable the employee to function generally. Recommends employers study paragraphs 4.21 onwards of the Code of Practice to gain an appreciation of what is meant by "reasonable" adjustments. These indicate, for instance, that if a disabled person's job is at risk, it is reasonable to spend the amount that would be needed to recruit and train a replacement, on adjustments. Also discusses cost parameters, benefits and pay. | ||
| 590 | _aABS | ||
| 650 | _aDISABILITY DISCRIMINATION ACT 1995 | ||
| 650 | _aADJUSTMENTS | ||
| 650 | _aEMPLOYERS | ||
| 650 | _aEMPLOYMENT LAW | ||
| 650 | _aDISCRIMINATION | ||
| 650 | _aACCESS | ||
| 690 | _aLAW | ||
| 942 | _n0 | ||
| 999 |
_c66465 _d66465 |
||